Os coelhinhos... descobrem o campo (Registo nº 8454)
[ vista simples ]
| 000 -Etiqueta do registo | |
|---|---|
| Valores | 00747nam a22002651i 4500 |
| 010 ## - Número ISBN | |
| ISBN | 9724118002 |
| 021 ## - Número do Depósito Legal | |
| -- | PT |
| Número | 103645/96 |
| 090 ## - | |
| -- | 8454 |
| 100 ## - Dados gerais de processamento | |
| Dados gerais | 20170304u u u0frey50 ba |
| 101 ## - Língua de publicação | |
| -- | por |
| 102 ## - País de publicação | |
| -- | PT |
| 200 1# - Titulo e menção de responsabilidade | |
| Primeira menção de responsabilidade | Joëlle Barnabé |
| Título próprio | Os coelhinhos... descobrem o campo |
| Outras menções de responsabilidade | Adapt. Joëlle Barnabé |
| -- | il. Sylvie Rainaud |
| 205 ## - Menção da edição | |
| Edição | 1ª ed. |
| 210 ## - Publicação | |
| Local de publicação | Rio Tinto |
| Nome do editor | Edições Asa |
| Data de publicação | 1996 |
| 215 ## - Descrição física | |
| Outras indicações físicas | il. |
| Dimensões | 23 cm |
| Paginação / Volumes | [18] p. |
| 225 ## - Colecção | |
| Título próprio da colecção | Os coelhinhos descobrem |
| 606 ## - Nome comum usado como assunto | |
| ID Autoridade | 187 |
| Palavra de ordem | Histórias para crianças |
| 675 ## - CDU | |
| Notação | 087.5 |
| -- | 2104 |
| 702 ## - Autor secundário (pessoa individual) | |
| -- | 010 |
| ID Autoridade | 3269 |
| Apelido | Barnabé |
| Nome | Joëlle |
| 702 ## - Autor secundário (pessoa individual) | |
| -- | 440 |
| ID Autoridade | 3270 |
| Apelido | Rainaud |
| Nome | Sylvie |
| 702 ## - Autor secundário (pessoa individual) | |
| -- | 730 |
| ID Autoridade | 3272 |
| Apelido | Telles |
| Nome | Alice |
| 801 ## - Fonte de origem | |
| País | PT |
| Regras de catalogação | RPC |
| 990 ## - Elementos KOHA | |
| Tipo de documento | Livro |
| 994 ## - Estado da catalogação | |
| -- | COMP |
| 995 ## - Localização e informação dos exemplares | |
| -- | 2 |
| Situação do levantamento | Estado | Biblioteca de origem | Biblioteca de empréstimo | Localização na Estante | Código de barras | Cota | Permissão de empréstimo | Tipo de documento | Nota relativa ao exemplar |
|---|---|---|---|---|---|---|---|---|---|
| Em falta na estante | Biblioteca Municipal de Viana Do Alentejo | Biblioteca Municipal de Viana Do Alentejo | 0012148 | BAR | Disponível | Livro | |||
| Completo | Biblioteca Municipal de Viana Do Alentejo | Biblioteca Municipal de Viana Do Alentejo | 0031595 | 087.5 BAR | Disponível | Livro | 0-5 anos |